Odgadnij piosenkę Zeamsone po wersach - Statystyki

Ogólne statystyki
  • Ten quiz został rozwiązany 12 razy
  • Średni wynik to 7 z 15
Statystyki odpowiedzi
Wersy Piosenka % Poprawnych
Nie szukam ciekawych kolegów i fifaraf Co mają w chuj swagu na klipach tam GGG FREESTYLE
100%
Nie chce nikomu zrobić nic złego, chcę tylko żeby nikt nie chciał mi I będę się bronił przed światem od tego wszelkimi narzędziami (I) Perfidia
100%
Nie mam czasu na flex, nie mam czasu na seks, nie mam czasu dla mnie Nie mam czasu dla niej, dziś mam go mniej callin my name
90%
Jestem JBL'em ludu, dlatego pierdole prądy i kontakty Bo już dawno wyjebałem wszystkie książki Jebać Grę
70%
Jebać tych frajerów, którzy chcieli ciebie skrzywdzić Jebać tych debili, którzy mieli brudne myśli 10 (morning sun)
60%
Dbaj o bezpieczeństwo świata no i wypierz spodnie W których siedziałeś obok trzepaka tu na ławce z ziomkiem DOM
40%
Zaprosiłeś na imprezę do siebie To jest prezent dla Ciebie Prezent
40%
Nie przepraszaj za zło, nie przepraszaj na darmo Nie przepraszaj za zło, nie przepraszaj za hardcore Przepraszam
40%
Nie spotykam się z odmową, tak jak z każdą Przecinam się z dżunglą betonową tak jak Rambo Bankroll
30%
Nie słyszę zza okna, co pierdoli frajer Kabina wygodna, wygłuszona nawet VIP
30%
Piję sobie Jägermeister no bo chciałbym dziś się upić Myślałem że prawie zasnę, ale muszę robić ruchy Wydawałoby się
30%
Nocne gwiazdy - same zera Nocnej jazdy - Panamera Brat
20%
Pokazali mi to dawno, wtedy kiedy mieli łatwo Widzę ich co noc, kiedy marzną, kiedy marzną Kiedy marzną
20%
Kocham ten świat, choć czasami łapie rozpacz Nie wiem czy będzie dobrze, czy dotrwam do końca Nocne Refleksje
20%
On obniża znów mikrofon A ja lecę kurwa nocą Ojciec taty paczkomaty freestyle
10%
Nie znaleziono quizów pasujących do podanych kryteriów
Rozkład punktacji
Procent ludzi z każdym wynikiem
Percentyl według liczby udzielonych odpowiedzi
Twoja historia wyników
Nie rozwiązałeś tego quizu